Ref - Statistiques

Statistiques générales
  • Ce quiz a été pris 144 fois
  • Le résultat moyen est 5 sur 11
Statistiques - réponses
Hint Réponse % Correct
Mais ça va pas ... ? ou quoi
71%
Sortez de ma ... ! chambre
68%
Tu es triste? ... arrête
56%
La roue tourne va ... tourner
46%
Y'a pas de ... panneau
45%
Mais tu es qui? Je suis ... Pamela
42%
Bisous je m' ... envole
36%
Et c'est ... ! ok
32%
Marina passe ... tu t'écartes
29%
Oh non! Le canapé à ... grand papa
25%
Rrraïe aïe! Hier, ... au quartier
6%
Aucun quiz correspondant
Distribution des résultats
% des personnes avec chaque résultat
Percentile par nombre de réponses
Votre historique - résultats
Vous n’avez pas pris ce quiz